Kategoria w grze w państwa miasta - Statystyki

Ogólne statystyki
  • Ten quiz został rozwiązany 75 razy
  • Średni wynik to 5 z 8
Statystyki odpowiedzi
Odpowiedź % Poprawnych
Miasto
97%
Państwo
97%
Roślina
87%
Zwierzę
87%
Zawód
47%
Imię męskie
16%
Imię żeńskie
16%
Jedzenie
12%
Nie znaleziono quizów pasujących do podanych kryteriów
Rozkład punktacji
Procent ludzi z każdym wynikiem
Percentyl według liczby udzielonych odpowiedzi
Twoja historia wyników
Nie rozwiązałeś tego quizu